[Event "International Tournament"]
[Site "Pool "]
[Date "2022.07.09"]
[Round "2.66"]
[White "Farkas, Sandor I"]
[Black "Lever, Erwan"]
[Result "1/2-1/2"]
[WhiteElo "2034"]
[BlackElo "2178"]
[PlyCount "96"]
[EventDate "2022.07.08"]

1. e4 c5 2. Nf3 e6 3. d4 cxd4 4. Nxd4 a6 5. c4 Nf6 6. Nc3 Qc7 7. a3 b6 8. Be2
Bb7 9. f3 d6 10. Be3 Be7 11. O-O O-O 12. Qd2 Nbd7 13. Rac1 Rac8 14. Rfd1 Qb8
15. b4 Bd8 16. Nb3 Bc7 17. Bf4 Ne5 18. Bxe5 dxe5 19. Qe1 Rfd8 20. Rxd8+ Rxd8
21. Rd1 Kf8 22. Rxd8+ Qxd8 23. Qd1 Qxd1+ 24. Bxd1 Nd7 25. Kf2 Bd6 26. Nc1 Ke8
27. Ba4 Kd8 28. Bxd7 Kxd7 29. Nd3 f6 30. Ke3 Bf8 31. Na4 Kc6 32. c5 b5 33. Nc3
g6 34. Nd1 Kd7 35. N1f2 Bc6 36. Ng4 Ke7 37. Ke2 Bg7 38. Nc1 Kd7 39. Nb3 Kc7 40.
Kd3 Bd7 41. Nf2 Bh6 42. Nh3 Bc6 43. Nf2 Bd7 44. Ng4 Bg7 45. Na5 Be8 46. g3 h5
47. Nf2 Bh6 48. Nb3 Bc6 1/2-1/2

[Event "International Tournament"]
[Site "Pool "]
[Date "2022.07.09"]
[Round "2.67"]
[White "Granovskiy, Alexandr"]
[Black "Niharika, Ch"]
[Result "1-0"]
[WhiteElo "2177"]
[BlackElo "1988"]
[PlyCount "103"]
[EventDate "2022.07.08"]

1. d4 Nf6 2. c4 e6 3. Nc3 Bb4 4. a3 Bxc3+ 5. bxc3 b6 6. f3 Nc6 7. e4 Ba6 8. Bg5
h6 9. Bh4 g5 10. Bf2 Na5 11. h4 g4 12. e5 g3 13. Bxg3 Nh5 14. Bf2 Bxc4 15. Bxc4
Nxc4 16. Nh3 Qe7 17. g4 Ng7 18. h5 O-O-O 19. Qa4 Na5 20. Nf4 f6 21. Ng6 Qf7 22.
Ke2 Rh7 23. Bh4 Ne8 24. Qc2 d6 25. exf6 Nxf6 26. Ne7+ Qxe7 27. Bxf6 Qxf6 28.
Qxh7 Rf8 29. Raf1 e5 30. d5 Kb7 31. Qf5 Qe7 32. Qe6 Qg5 33. Qg6 Qf4 34. Qe4 Qg5
35. Rb1 Kb8 36. Rb4 Qf6 37. Qf5 Qh8 38. Qd3 Nb7 39. Rc4 Qg8 40. Qd2 Qf7 41. Rf1
Qg7 42. Kd1 Rf6 43. Kc2 Qd7 44. a4 Na5 45. Re4 c5 46. g5 hxg5 47. Qxg5 Rf7 48.
Qg4 Qe8 49. Qe6 Qd8 50. Rg4 Nb7 51. Rfg1 Rf8 52. Rg8 1-0

[Event "International Tournament"]
[Site "Pool "]
[Date "2022.07.09"]
[Round "2.68"]
[White "Andreev, Konstantin"]
[Black "Cuzovic, Ognjen"]
[Result "1-0"]
[WhiteElo "2174"]
[BlackElo "1987"]
[PlyCount "75"]
[EventDate "2022.07.08"]

1. e4 c6 2. d4 d5 3. e5 Bf5 4. Nf3 e6 5. Be2 c5 6. Be3 Qb6 7. Nc3 Nc6 8. O-O c4
9. Rb1 Bb4 10. Nh4 Nge7 11. a3 Bxc3 12. bxc3 Qc7 13. g4 Bg6 14. f4 Qd7 15. Bc1
Be4 16. Bf3 Bxf3 17. Qxf3 g6 18. f5 gxf5 19. gxf5 O-O-O 20. Kh1 Rdg8 21. Bh6 a6
22. f6 Ng6 23. Qh5 Nxh4 24. Qxh4 Rd8 25. Bg7 Rhg8 26. Qxh7 Na7 27. Qh6 Nb5 28.
Qd2 Nxa3 29. Rbd1 Nb5 30. h4 Nc7 31. h5 Ne8 32. h6 Nxg7 33. fxg7 Qe7 34. Rf6 a5
35. Qf4 Qa3 36. Qg3 a4 37. Rxf7 Qb2 38. h7 1-0

[Event "International Tournament"]
[Site "Pool "]
[Date "2022.07.09"]
[Round "2.69"]
[White "Koudounis, Vasileios"]
[Black "Vaibhav, Jayant Raut"]
[Result "1-0"]
[WhiteElo "2018"]
[BlackElo "2169"]
[PlyCount "139"]
[EventDate "2022.07.08"]

1. d4 Nf6 2. c4 e6 3. g3 Bb4+ 4. Bd2 Qe7 5. Bg2 O-O 6. Nf3 Bxd2+ 7. Qxd2 d6 8.
Nc3 e5 9. O-O c6 10. e4 Bg4 11. Ne1 Qe6 12. f3 Bh3 13. d5 cxd5 14. Bxh3 Qxh3
15. Nxd5 Nxd5 16. Qxd5 Nc6 17. Nc2 Rac8 18. Rad1 Rfd8 19. Rf2 a6 20. Rfd2 h5
21. Qd3 Qe6 22. b3 h4 23. Kg2 g6 24. Qe3 Kg7 25. Qg5 hxg3 26. hxg3 b5 27. cxb5
axb5 28. Ne3 f6 29. Rxd6 fxg5 30. Rxe6 Rxd1 31. Nxd1 Kf7 32. Rd6 Nd4 33. a4
Rc2+ 34. Kh3 bxa4 35. bxa4 Ra2 36. Nc3 Ra3 37. Rd7+ Ke6 38. Rc7 Nxf3 39. Kg4
Nd2 40. Rc6+ Kd7 41. Rc5 Ke6 42. a5 Kd6 43. Rd5+ Kc6 44. Rxd2 Rxc3 45. Rd5 Re3
46. Rxe5 Kd6 47. Rxg5 Rxe4+ 48. Kf3 Ra4 49. Rxg6+ Ke5 50. Rg5+ Kf6 51. Rb5 Ra3+
52. Kg4 Ra4+ 53. Kh5 Ra3 54. Kh4 Ra1 55. Rb6+ Kf5 56. g4+ Kf4 57. Rf6+ Ke5 58.
Rf5+ Ke6 59. Kg5 Ra4 60. Rb5 Kf7 61. Kf5 Ra1 62. Rb7+ Kf8 63. Ra7 Kg8 64. g5
Kf8 65. Kf6 Rf1+ 66. Kg6 Ra1 67. a6 Ra4 68. Ra8+ Ke7 69. Kg7 Ke6 70. a7 1-0

[Event "International Tournament"]
[Site "Pool "]
[Date "2022.07.09"]
[Round "2.70"]
[White "Zheng, Harry Z"]
[Black "Karadzhov, Ivan"]
[Result "1/2-1/2"]
[WhiteElo "1946"]
[BlackElo "2167"]
[PlyCount "140"]
[EventDate "2022.07.08"]

1. e4 c5 2. Nf3 d6 3. d4 cxd4 4. Nxd4 Nf6 5. Nc3 a6 6. Be3 e5 7. Nf3 Qc7 8. a4
Be7 9. Be2 O-O 10. O-O Nbd7 11. Bg5 h6 12. Bxf6 Nxf6 13. h3 Be6 14. Re1 Rac8
15. Nh2 Qc6 16. Bf3 b5 17. axb5 axb5 18. Re2 Ra8 19. Ng4 Rxa1 20. Qxa1 Ra8 21.
Nxf6+ Bxf6 22. Qd1 Bg5 23. Nd5 Bxd5 24. Qxd5 Ra1+ 25. Kh2 Qc5 26. g3 g6 27. h4
Qxd5 28. exd5 Bc1 29. b3 f5 30. h5 Kg7 31. hxg6 Kxg6 32. g4 f4 33. Be4+ Kg5 34.
f3 Be3 35. Bd3 b4 36. Kh3 Bd4 37. Rd2 Rg1 38. Rg2 Rh1+ 39. Rh2 Rg1 40. Rg2 Rh1+
41. Rh2 Rd1 42. Re2 Bc3 43. Rf2 Bd4 44. Re2 Be3 45. Rg2 Kf6 46. Re2 Ke7 47. Rh2
Kf6 48. Be4 Rf1 49. Kh4 Rg1 50. Kh5 Kg7 51. Rh3 Bb6 52. Rh2 Rg3 53. Rh1 Bg1 54.
Kh4 Bf2 55. Kh5 Bb6 56. Kh4 Bd8+ 57. Kh5 Bg5 58. Rh2 Rg1 59. Rh3 Re1 60. Rh2
Kf6 61. Rh3 Rc1 62. Rh2 Kg7 63. Rh3 Rg1 64. Rh2 Bd8 65. Rh3 Bb6 66. Rh2 Rg3 67.
Rh1 Bg1 68. Kh4 Bf2 69. Kh5 Rg2 70. Bd3 Rg3 1/2-1/2

[Event "International Tournament"]
[Site "Pool "]
[Date "2022.07.09"]
[Round "2.71"]
[White "Bozinovic, Bogdan"]
[Black "Doraszelski, Alexander"]
[Result "0-1"]
[WhiteElo "2165"]
[BlackElo "1946"]
[PlyCount "58"]
[EventDate "2022.07.08"]

1. d4 d5 2. c4 e6 3. Nc3 c5 4. cxd5 exd5 5. dxc5 d4 6. Na4 b5 7. cxb6 axb6 8.
e3 Bb4+ 9. Bd2 Bxd2+ 10. Qxd2 Rxa4 11. Bb5+ Bd7 12. Bxa4 Bxa4 13. exd4 Ne7 14.
Ne2 O-O 15. O-O Nd7 16. Nc3 Bc6 17. Rad1 Nf6 18. Rfe1 Ned5 19. Re5 h6 20. h3
Qa8 21. f3 Rd8 22. a3 Nd7 23. Re2 Nf8 24. Ne4 Ne6 25. Ng3 Ndf4 26. Ree1 Ba4 27.
Rc1 Rxd4 28. Qc3 Qd5 29. Rf1 Rd2 0-1

[Event "International Tournament"]
[Site "Pool "]
[Date "2022.07.09"]
[Round "2.72"]
[White "Randjelovic, Nenad"]
[Black "Prokhorov, Ivan"]
[Result "0-1"]
[WhiteElo "1925"]
[BlackElo "2162"]
[PlyCount "110"]
[EventDate "2022.07.08"]

1. e4 e5 2. f4 d5 3. exd5 exf4 4. Nf3 Nf6 5. Nc3 Nxd5 6. Bc4 Be6 7. Qe2 Be7 8.
O-O Nc6 9. d4 O-O 10. Nxd5 Bxd5 11. Bxd5 Qxd5 12. Bxf4 Bd6 13. Qd2 Rad8 14. c3
Ne7 15. Bxd6 Qxd6 16. Qg5 f6 17. Qh5 Qd5 18. Qxd5+ Nxd5 19. Rae1 Rfe8 20. Rxe8+
Rxe8 21. Re1 Rd8 22. g3 Kf7 23. Kf2 g5 24. Re2 c6 25. Nd2 h6 26. Nc4 f5 27.
Ne5+ Kf6 28. h3 Nc7 29. Kf3 Ne6 30. Nd3 b6 31. b4 Nc7 32. Ne5 Rd6 33. Nc4 Rd5
34. a4 c5 35. a5 cxb4 36. axb6 axb6 37. Nxb6 Rd6 38. Na4 bxc3 39. Nxc3 Rxd4 40.
Kf2 Ne6 41. Nb1 Nc5 42. Nd2 Rxd2 43. Rxd2 Ne4+ 44. Ke3 Nxd2 45. Kxd2 Ke5 46.
Ke3 f4+ 47. Kf3 Kf5 48. Kg2 Ke4 49. Kf2 f3 50. Kf1 Ke3 51. h4 gxh4 52. gxh4 h5
53. Ke1 Kf4 54. Kf1 Kg3 55. Kg1 Kxh4 0-1

[Event "International Tournament"]
[Site "Pool "]
[Date "2022.07.09"]
[Round "2.73"]
[White "Kurmangaliyeva, Liya"]
[Black "Anacak, Hasan Gunes"]
[Result "1-0"]
[WhiteElo "2157"]
[BlackElo "1939"]
[Annotator "HP"]
[PlyCount "61"]
[EventDate "2022.07.08"]

1. e4 c5 2. Nf3 d6 3. d4 cxd4 4. Nxd4 Nf6 5. Nc3 Nc6 6. Bg5 e6 7. Qd2 a6 8.
O-O-O Bd7 9. f4 Be7 10. Nf3 b5 11. Bxf6 gxf6 12. Kb1 Qb6 13. f5 O-O-O 14. g3
Kb8 15. fxe6 fxe6 16. Bh3 Rhe8 17. Qe1 Bf8 18. Ne2 b4 19. Nf4 Qc5 20. Qe2 Kb7
21. Rhf1 Rc8 22. Qf2 Qb5 23. Nd3 Rc7 24. Nd4 Qc4 25. Nxc6 Bxc6 26. Bg2 Bg7 27.
Nf4 e5 28. Nh5 Bxe4 29. Bxe4+ Qxe4 30. Rxd6 Kc8 31. Rxa6 {Unclear} 1-0

[Event "International Tournament"]
[Site "Pool "]
[Date "2022.07.09"]
[Round "2.74"]
[White "Temizer, Umut"]
[Black "Aaditya, Dhingra"]
[Result "0-1"]
[WhiteElo "1921"]
[BlackElo "2156"]
[PlyCount "63"]
[EventDate "2022.07.08"]

1. e4 e5 2. Nf3 Nc6 3. d4 exd4 4. Nxd4 Bc5 5. Nb3 Bb6 6. Nc3 Nge7 7. Qe2 O-O 8.
Be3 d6 9. O-O-O f5 10. f4 fxe4 11. g3 Bxe3+ 12. Qxe3 Nf5 13. Bc4+ Kh8 14. Qe2
a5 15. a4 e3 16. Kb1 Re8 17. g4 Nh4 18. h3 Be6 19. Bxe6 Rxe6 20. Nd4 Nxd4 21.
Rxd4 Qf6 22. Rhd1 Rae8 23. Nd5 Qf7 24. R4d3 c6 25. f5 Re5 26. Nf4 d5 27. Ne6
Ng6 28. Rf1 Nf8 29. Nf4 Re4 30. b3 d4 31. Qf3 c5 32. Kc1 0-1

[Event "International Tournament"]
[Site "Pool "]
[Date "2022.07.09"]
[Round "2.75"]
[White "Ciric, Pavle"]
[Black "Nikulina, Alena"]
[Result "1-0"]
[WhiteElo "2155"]
[BlackElo "1923"]
[PlyCount "43"]
[EventDate "2022.07.08"]

1. e4 c5 2. Nf3 e6 3. c3 d5 4. e5 Nc6 5. d4 Qb6 6. Bd3 Bd7 7. dxc5 Bxc5 8. O-O
f6 9. b4 Be7 10. Bf4 g5 11. Be3 Qc7 12. exf6 Nxf6 13. Bxg5 O-O-O 14. b5 Ne5 15.
Nxe5 Qxe5 16. Bh4 h5 17. Bg3 Qg5 18. h4 Qg7 19. Qa4 Bc5 20. Qf4 Bc6 21. Qb8+
Kd7 22. Qc7+ 1-0

[Event "International Tournament"]
[Site "Pool "]
[Date "2022.07.09"]
[Round "2.76"]
[White "Ilamparthi, A R."]
[Black "Zhdanov, Petr"]
[Result "1/2-1/2"]
[WhiteElo "2153"]
[BlackElo "1919"]
[PlyCount "91"]
[EventDate "2022.07.08"]

1. e4 c5 2. Nf3 e6 3. d3 Nc6 4. g3 g6 5. Bg2 Bg7 6. O-O Nge7 7. c3 e5 8. Be3 d6
9. d4 exd4 10. cxd4 Bg4 11. d5 Bxf3 12. Bxf3 Bxb2 13. dxc6 Bxa1 14. cxb7 Rb8
15. e5 Bxe5 16. Qa4+ Qd7 17. Qxa7 O-O 18. Nd2 d5 19. Rb1 Bc3 20. Qxc5 Bxd2 21.
Bxd2 Rxb7 22. Rxb7 Qxb7 23. Bb4 Re8 24. Bc3 Rc8 25. Qd4 Rxc3 26. Qxc3 Qb1+ 27.
Kg2 Qxa2 28. Qc5 Kf8 29. Qd6 Ke8 30. Qf6 h5 31. Qh8+ Kd7 32. Qf6 Ke8 33. g4
hxg4 34. Bxg4 Nf5 35. Bxf5 gxf5 36. Qxf5 Qc4 37. Qe5+ Kf8 38. Kg3 d4 39. h4 d3
40. h5 Qc2 41. Qh8+ Ke7 42. Qe5+ Kf8 43. Qb8+ Kg7 44. Qe5+ Kf8 45. Qd6+ Kg8 46.
Qd5 1/2-1/2

[Event "International Tournament"]
[Site "Pool "]
[Date "2022.07.09"]
[Round "2.77"]
[White "Nikolakis, Panagiotis Marios"]
[Black "Joshua, A P."]
[Result "0-1"]
[WhiteElo "1905"]
[BlackElo "2153"]
[PlyCount "70"]
[EventDate "2022.07.08"]

1. e4 c6 2. d4 d5 3. e5 c5 4. Nf3 cxd4 5. Nxd4 Nc6 6. Nxc6 bxc6 7. Bd3 e6 8.
O-O a5 9. Nd2 Ne7 10. Nf3 Ba6 11. Bxa6 Rxa6 12. c4 Nf5 13. cxd5 cxd5 14. g4 Ne7
15. Nd4 Qd7 16. Qd3 Ra8 17. Be3 Ng6 18. f4 Be7 19. Nf3 Qa4 20. Nd4 O-O 21. Rf3
Rac8 22. b3 Qd7 23. Rh3 Bc5 24. Rf1 f6 25. f5 Bxd4 26. Bxd4 exf5 27. e6 Qd6 28.
Qxf5 Rfe8 29. Qh5 Rxe6 30. Qxh7+ Kf7 31. Rh6 Nf8 32. Rfxf6+ Rxf6 33. Rxf6+ Qxf6
34. Qh5+ Qg6 35. Qxd5+ Qe6 0-1

[Event "International Tournament"]
[Site "Pool "]
[Date "2022.07.09"]
[Round "2.78"]
[White "Makridis, Dimitrios"]
[Black "Zhorayev, Almas"]
[Result "1-0"]
[WhiteElo "2152"]
[BlackElo "1873"]
[PlyCount "91"]
[EventDate "2022.07.08"]

1. e4 e5 2. Nf3 Nc6 3. d4 exd4 4. Nxd4 Qf6 5. Nb3 Qg6 6. f3 Bd6 7. Nc3 Nge7 8.
f4 Bb4 9. f5 Qf6 10. Bd3 Bxc3+ 11. bxc3 Qxc3+ 12. Bd2 Qf6 13. O-O d6 14. Qe1
Ne5 15. Qg3 h6 16. Kh1 b6 17. Bc3 Bb7 18. Nd4 O-O-O 19. a4 a5 20. Nb5 N7c6 21.
Rab1 g5 22. Qf2 Rd7 23. Bc4 Ne7 24. Rfe1 h5 25. Nxc7 Rxc7 26. Qxb6 N7c6 27. Bd5
Kd7 28. Qxb7 Rxb7 29. Rxb7+ Ke8 30. Bxc6+ Kf8 31. Bd5 Rh7 32. Bxa5 Ng4 33. Rb8+
Kg7 34. Rc8 h4 35. h3 Ne5 36. Bd8 Qh6 37. Be7 Rh8 38. Rc7 g4 39. f6+ Kg6 40.
Bxd6 gxh3 41. Bxe5 hxg2+ 42. Kh2 Qd2 43. Rg1 h3 44. Rxf7 Rc8 45. Rg7+ Kh6 46.
Rg3 1-0

[Event "International Tournament"]
[Site "Pool "]
[Date "2022.07.09"]
[Round "2.79"]
[White "Teo, Hong Ming"]
[Black "Mohota, Nisha"]
[Result "0-1"]
[WhiteElo "1898"]
[BlackElo "2148"]
[PlyCount "78"]
[EventDate "2022.07.08"]

1. d4 f5 2. c4 Nf6 3. g3 g6 4. Bg2 Bg7 5. Nf3 O-O 6. O-O d6 7. Nc3 Nc6 8. d5
Na5 9. Qd3 c5 10. b3 a6 11. Bb2 Rb8 12. Ng5 Bd7 13. Ne6 Bxe6 14. dxe6 Nc6 15.
Nd5 Nh5 16. Bxg7 Nxg7 17. e4 Nxe6 18. exf5 gxf5 19. Rfe1 Ned4 20. Rad1 e5 21.
f4 e4 22. Qc3 Qd7 23. Kh1 Qg7 24. a3 Rbe8 25. Ne3 Re6 26. g4 fxg4 27. f5 Nxf5
28. Qxg7+ Nxg7 29. Nxg4 Rf4 30. Bxe4 Rxg4 31. Bd5 Nd4 32. Rxd4 Rxd4 33. Bxe6+
Nxe6 34. Rxe6 Rd3 35. b4 Rxa3 36. Rxd6 cxb4 37. Rb6 a5 38. Rxb7 Rc3 39. Ra7 b3
0-1

[Event "International Tournament"]
[Site "Pool "]
[Date "2022.07.09"]
[Round "2.80"]
[White "Papaioannou, Dimitrios"]
[Black "Tamhankar, Siddhant"]
[Result "0-1"]
[WhiteElo "2142"]
[BlackElo "1811"]
[Annotator "HP"]
[PlyCount "68"]
[EventDate "2022.07.08"]

{[%evp 0,68,22,16,25,30,63,37,41,16,72,52,50,41,51,21,19,14,14,18,10,-13,-17,
-32,-66,-162,-170,-176,-158,-187,-157,-214,-204,-196,-196,-188,-191,-182,-177,
-214,-226,-270,-171,-243,-201,-227,-215,-271,-452,-445,-316,-406,-655,-647,
-560,-570,-493,-482,-482,-482,-482,-467,-467,-573,-573,-609,-612,-29991,-29992,
-29995,-29996]} 1. Nf3 Nf6 2. d4 g6 3. Bg5 Bg7 4. Nbd2 d6 5. e4 O-O 6. Bd3 c5
7. dxc5 dxc5 8. O-O Nc6 9. Re1 Qc7 10. h3 h6 11. Bh4 Nh5 12. Qc1 g5 13. Nxg5
hxg5 14. Bxg5 Be6 15. c3 Rad8 16. Bc2 Ne5 17. Qd1 Nf6 18. Qe2 c4 19. Rf1 Nd3
20. Be3 Qa5 21. Rab1 Qh5 22. f3 Bh6 23. Bd4 Nf4 24. Qf2 Kh8 25. g4 Nxh3+ 26.
Kh2 Nxf2+ 27. gxh5 Nh3 28. Rbd1 Bf4+ 29. Kh1 Rg8 30. e5 Nxh5 31. Ne4 Ng3+ 32.
Nxg3 Rxg3 33. Rde1 Rdg8 34. Re2 Nf2+ 0-1